| 000 | 00647nam a2200193Ia 4500 | ||
|---|---|---|---|
| 005 | 20250326130822.0 | ||
| 008 | 250326s9999 xx 000 0 und d | ||
| 037 | _aTextbook | ||
| 040 |
_aFMSL _beng _cFMSL |
||
| 041 |
_aeng _2eng |
||
| 084 |
_aX:74 Q4 _qFMSL |
||
| 100 |
_aEweje G _9741451 |
||
| 245 | 0 |
_aCorporate social responsibility and sustainability: emerging trends in developing economics _cEweje G |
|
| 260 |
_aUnited Kingdom _bUnited Kingdom, Emerald _c2014 |
||
| 300 | _a418p | ||
| 490 | _v8/Critical studies on corporate resposibility, goverce and sustainability | ||
| 942 |
_cTB _hX:74 Q4 |
||
| 999 |
_c1284243 _d1284243 |
||